000 02415cam a22003851ia4500
003 SA-RiAUC
005 20251010154511.0
008 251010s1997 le g 00010dara c
040 _aDZ-AlALGU
_bara
_cSA-RiAUC
_erda
082 0 4 _a236.4
_qSA-RiAUC
090 _a236.4
_bا م ا
100 1 _aالإمام مالك، مالك بن أنس بن مالك،
_d93-179 هجري
_eمؤلف.
245 1 2 _aالعوالي عن مالك بن أنس الإمام :
_bروايات هشام بن عمار أبو الوليد-الحاكم أبو أحمد بن محمد بن أحمد-بن زاهر بن طاهر-بو القاسم سليم بن أيوب الرازي-أبو بكر أحمد بن ثابت الخطيب-أبو اليمن الكندي-عمر بن الحاجب /
_cتحقيق محمد الحاج الناصر، محمد عوامة، الحسنية مجاطي علمي.
264 1 _aبيروت :
_bدار الغرب الإسلامي،
_c1997.
300 _a4 مجلد ؛
_c24 سم
336 _aنص
_btxt
_2rdacontent
_3كتاب
337 _aبدون وسيط
_bn
_2rdamedia
338 _aمجلد
_bnc
_2rdacarrier
600 0 7 _aهشام بن عمار بن نصير،
_d153-245 هجري
_2aucnm
600 0 7 _aزاهر بن طاهر بن محمد النيسابوري،
_dتوفي 533 هجري
_2aucnm
600 1 7 _aالحاكم الكبير، محمد بن محمد بن أحمد،
_d285-378 هجري
_2aucnm
600 1 7 _aأبو الفتح الرازي، سليم بن أيوب بن سليم،
_d365-447 هجري
_2aucnm
600 1 7 _aالخطيب البغدادي، أحمد بن علي بن ثابت،
_d392-463 هجري
_2aucnm
600 1 7 _aأبو اليمن الكندي، زيد بن الحسن بن زيد،
_d520-613 هجري
_2aucnm
600 1 7 _aابن الحاجب، عمر بن محمد بن منصور،
_d593-630 هجري
_2aucnm
650 7 _aطبقات رواة الحديث وحفاظه
_vتراجم
_2aucsh
650 7 _aالحديث
_xمسند ابن مالك
_2aucsh
650 7 _aالحديث
_xرواية
_2aucsh
700 1 _aالناصر، محمد الحاج
_eمحقق.
700 1 _aعوامة، محمد،
_d1940-
_eمحقق.
700 1 _aعلمي، الحسنية مجاطي
_eمحقق.
700 1 2 _iتحقيق لـ :
_aالإمام مالك، مالك بن أنس بن مالك،
_d93-179 هجري.
_tالعوالي
942 _2ddc
_cBOOK
949 _aSA-JeALM
_d251010
_ukhaled123
_n1
999 _c12484
_d12484